Culture and the educative process : an anthropological perspective
Αποθηκεύτηκε σε:
| Κύριος συγγραφέας: | |
|---|---|
| Μορφή: | Βιβλίο |
| Γλώσσα: | English |
| Δημοσίευση: |
New York :
Teachers College Press,
1974
|
| Σειρά: | Anthropology & education
|
| Θέματα: | |
| Ετικέτες: |
Προσθήκη ετικέτας
Δεν υπάρχουν, Καταχωρήστε ετικέτα πρώτοι!
|
MARC
| LEADER | 00000cam a2200000 i 4500 | ||
|---|---|---|---|
| 001 | 1/13145 | ||
| 008 | 980210s1974 eng d | ||
| 020 | |a 0-8077-2422-X | ||
| 035 | |l 10018925 | ||
| 040 | |a GR-MY-UA |b gre |e aacr | ||
| 041 | 0 | |a eng | |
| 082 | 0 | |a 301.56 | |
| 100 | 1 | |a Kimball, Solon Toothaker. | |
| 245 | 1 | 0 | |a Culture and the educative process : |b an anthropological perspective / |c Solon T. Kimball |
| 260 | |a New York : |b Teachers College Press, |c 1974 | ||
| 300 | |a x, 285 p; |c 24 cm | ||
| 490 | 1 | |a Anthropology & education | |
| 504 | |a Includes bibliographical references | ||
| 650 | 0 | 0 | |a Educational anthropology. |
| 830 | 0 | |a Anthropology & education | |
| 852 | |a INST |b LESVOS |e 19980210 |h 301.56 KIM |p 005100015384 |q 005100015384 |t BK |y 0 | ||
| 909 | |a Λ |b 034334 | ||